header

Countering terrorism (Record no. 17059)

MARC details
000 -LEADER
fixed length control field 02095nam a2200385 a 4500
245 00 - TITLE STATEMENT
Title Countering terrorism
260 ## - PUBLICATION, DISTRIBUTION, ETC. (IMPRINT)
Place of publication Washington, D.C. :
Name of publisher National Academies Press,
Year of publication 2009.
300 ## - PHYSICAL DESCRIPTION
Number of Pages xiii, 230 p. :
Other physical details ill. (some col.), maps.
650 #0 - SUBJECT ADDED ENTRY--TOPICAL TERM
Topical Term Terrorism
Topical Term Terrorism
Topical Term Bioterrorism
Topical Term Transportation
Topical Term Nuclear terrorism
700 1# - ADDED ENTRY--PERSONAL NAME
Personal name Schweitzer, Glenn E.,
856 40 - ELECTRONIC LOCATION AND ACCESS
Uniform Resource Identifier http://site.ebrary.com/lib/rucke/Doc?id=10286197

No items available.

© 2026 Rongo University
Contact us: librarian | system librarian | Rongo university